| 000 | 00734nam a2200253 a 4500 | ||
|---|---|---|---|
| 001 | 30344 | ||
| 003 | BD-RjUL | ||
| 005 | 20211209051541.0 | ||
| 008 | 140409s1952 nyua b 00100 eng d | ||
| 035 | _a(BD-RjUL)30429 | ||
| 040 |
_aLC _beng _cDLC _dSL _dBD-RjUL |
||
| 041 | _aeng | ||
| 082 | 0 | 0 |
_a153.15 _219 _bDEP 1952 |
| 100 | 1 |
_aDeese, James, _d1921- _992242 |
|
| 245 | 1 | 4 |
_aThe psychology of learning / _cJames Deese. |
| 260 |
_aNew York : _bMcGraw-Hill, _c1952. |
||
| 300 |
_axi, 398 p. : _bill. ; _c23 cm. |
||
| 504 | _aIncludes bibliography and index. | ||
| 650 | 0 |
_aLearning, Psychology of. _992244 |
|
| 942 |
_2ddc _cBK |
||
| 999 |
_c30344 _d30344 |
||